000 00757nam a2200289Ia 4500
005 20260324133935.0
008 008 260324s9999 xx 000 0 eng d
020 _a9781410608598
037 _aEBOOK
040 _aCRL
040 _beng
040 _cCRL
041 _2eng
041 _aeng
084 _qCRL
100 _aJames A. Romano, Jr.; James M. King
_91194962
245 0 _aChemical Warfare and Chemical Terrorism
245 0 _bPsychological and Performance Outcomes:a Special Issue of military Psychology
260 _bTaylor and Francis
260 _c2002
365 _a
365 _b300
856 _uhttp://www.taylorfrancis.com/books/9781410608598
942 _cEBOOK
999 _c1794538
_d1794538